| 000 | 01301cad a22002295a 4500 | ||
|---|---|---|---|
| 001 | L146339 | ||
| 008 | 090112s2008 xxkbdo f s 000 0 eng d | ||
| 035 | _a(Sirsi) u146339 | ||
| 041 | 0 | _aeng | |
| 050 | 0 | 4 | _a333.33 $2 18 |
| 110 | 2 |
_aSavills Research _95211 |
|
| 245 | 0 | 0 |
_aUK prime residential markets _bwinter 2008 _h[electronic resource] |
| 260 |
_aLondon _bSavills Research _c2008 |
||
| 490 | 0 |
_aSavills UK Prime Residential Markets _vWinter 2008 |
|
| 520 | _aPrime residential markets report shows considerable volatility in sales figures (both values and number of sales), commensurate with the tumoil in world financial markets and consequently the city. Shows that prices for prime property in central London fell by 3.9% in the third quarter of 2008 and that they now stand 12.3% below their peak value in 2007. Suggests that prices will fall further during the next 12 months as a direct result of a widening recessions and proposes that if and when a recovery begins, it will be driven by investors and rising yields. | ||
| 521 | _aAdvanced | ||
| 590 | _aKA | ||
| 651 | 4 |
_aUnited Kingdom _y |
|
| 690 |
_aResidential property _96266 |
||
| 856 | 4 | 0 |
_uhttps://www.savills.co.uk/research/Report.aspx?nodeID=10145# _zView the item free of charge online at www.savills.co.uk... |
| 942 | _n0 | ||
| 999 |
_c109125 _d109125 |
||